The German Monarchs (AP Euro) - Statistics

General Stats
  • This quiz has been taken 242 times
  • The average score is 13 of 35
Answer Stats
Hint Answer % Correct
1861-1888 Wilhelm I
82%
1871-1888 Wilhelm I
82%
1888-1918 Wilhelm II
80%
1701-1713 Frederick I
71%
1740-1786 Frederick II
71%
1440-1493 Frederick III
65%
1888 Frederick III
65%
1916-1918 Charles I
56%
1519-1556 Charles V
44%
1556-1564 Ferdinand I
44%
1835-1848 Ferdinand I
44%
1612-1637 Ferdinand II
42%
1705-1711 Joseph I
42%
1765-1790 Joseph II
40%
1637-1657 Ferdinand III
39%
1848-1916 Franz Joseph I
39%
1804-1835 Franz I
35%
1711-1740 Charles VI
34%
1493-1519 Maximilian I
34%
1713-1740 Frederick William I
32%
1786-1797 Frederick William II
31%
1792-1806 Franz II
30%
1840-1861 Frederick William IV
28%
1658-1705 Leopold I
28%
1564-1576 Maximilian II
28%
1797-1840 Frederick William III
27%
1790-1792 Leopold II
27%
1740-1765 Maria Theresa
25%
1919-1933 Weimar Republic
21%
1438-1439 Albert II
17%
1576-1612 Rudolf II
16%
1945-1949 Occupied Germany
1%
1933-1945 The 3rd Reich
0%
1989-present The Federal Republic of Germany
0%
1949-1989 The German Republics
0%
No matching quizzes found
Score Distribution
Percent of People with Each Score
Percentile by Number Answered
Your Score History
You have not taken this quiz